000 00918cam a2200217 4500
001 WB3842-13
008 021114n2002 000 0 eng u
035 _a(Sirsi) u120467
245 _aGermany still Europe's largest investor in property
260 _c2002
490 _aDTZ Press Release
_v 14 November 2002 (2)
520 _aDTZ research reveals that German overseas investment in non-domestic real estate accounted for 27% of all cross-border activity in the first half of 2002. DTZ's "German investment in European real estate" provides an analysis of activity by type of purchaser, sector and location. http://www.dtz.com/WWW/DTZGlobal.nsf/catindlookup/News?opendocument&cat=News&lang=1
590 _aWB
650 _aREAL ESTATE
650 _aGERMANY
650 _aEUROPE
650 _aCROSS-BORDER PROPERTY DEALS
650 _aPROPERTY-COMMERCIAL PROPERTY
690 _aINVESTMENT
942 _n0
999 _c71572
_d71572